Cambridge word selector
Uloženo v:
| Korporativní autor: | |
|---|---|
| Médium: | Kniha |
| Jazyk: | angličtina |
| Vydáno: |
Nueva York
Cambridge University
1995
|
| Témata: | |
| Tagy: |
Přidat tag
Žádné tagy, Buďte první, kdo vytvoří štítek k tomuto záznamu!
|
MARC
| LEADER | 00000nam a2200000 a 4500 | ||
|---|---|---|---|
| 001 | UCS6674 | ||
| 003 | CL-VaPUC | ||
| 008 | 970926e19950000US |||||||||||||||||eng|d | ||
| 082 | 0 | 4 | |a 428.1 |b CAM |2 21 |
| 110 | 2 | |a Cambridge University |e author |9 392040 | |
| 245 | 1 | 0 | |a Cambridge word selector |
| 300 | |a 464 p | ||
| 942 | |c BK | ||
| 945 | |d 19970926 00:00:00 |a jquezada | ||
| 260 | |a Nueva York |b Cambridge University |c 1995 | ||
| 650 | 0 | |a Inglés |9 260023 | |
| 650 | 0 | |a Ejercicios de escritura |9 346986 | |
| 650 | 0 | |a Enseñanza del inglés |9 367340 | |
| 650 | 0 | |a Enseñanza de idiomas |9 339820 | |
| 583 | |a last modification |c 20170823 04:35:50 |k Rodrigo Vera | ||
| 999 | |c 262303 |d 262301 | ||
| 952 | |0 0 |1 0 |4 0 |6 428_100000000000000_CAM_1995 |7 0 |8 X |9 290606 |a BIBEDU |b BIBEDU |d 2019-11-19 |i 3352137 |o 428.1 CAM 1995 |p 3352137 |r 2023-01-13 |w 2019-11-19 |y BK_X |k LIT | ||